A Few Simple Logarithms Quiz Stats

 Plays Quiz not verified by Sporcle

Challenge
Share
Tweet
Embed
Score 0/10 Timer 04:00
0 Plays Today
Find the values of the logarithms below Integers or fractions % Correct
log base 3 of 92
90.7%
log base 2 of 164
89.1%
log base 4 of 643
86.8%
log base 7 of (1/7)-1
86.6%
log base 10 of 100,0005
85.8%
log base 9 of 31|2
84.9%
log base 5 of 10
82.6%
log base 8 of 21|3
81.6%
log base 64 of 162|3
59.9%
log base 16 of 83|4
56.2%

You're not logged in!

Compare scores with friends on all Sporcle quizzes.
Join for Free
OR
Log In

You Might Also Like...

Show Comments

Extras

Top Quizzes Today


Score Distribution

Your Account Isn't Verified!

In order to create a playlist on Sporcle, you need to verify the email address you used during registration. Go to your Sporcle Settings to finish the process.

Report this User

Report this user for behavior that violates our Community Guidelines.

Details: